00353nam a2200133 a 4500008004100000020001500041050001600056100002100072245001700093246005800110260002500168300001700193350000900210120416s0000 ||||||||||||||||| || u a0521240654 aNK 3810 Bou aBourriau, Janine10aUmm El-Ga'ab apottery from the Nile Valley before the Arab conquest aCambridgebCUPc1981 a142p. : ill. a0.00